| Tag |
First Indicator |
Second Indicator |
Subfields |
| LEADER |
00000cam a2200000 a 4500 |
| 001 |
in00000001668 |
| 005 |
20151007050627.0 |
| 008 |
981104s1998 paua bf f000 0 eng d |
| 035 |
|
|
|a (OCoLC)40225935
|
| 035 |
|
|
|9 AJC4101AM
|
| 040 |
|
|
|a GPO
|c GPO
|d DLC
|d MvI
|d UtOrBLW
|
| 043 |
|
|
|a n-use--
|
| 049 |
|
|
|a UMIC
|
| 074 |
|
|
|a 0086-G
|
| 086 |
0 |
|
|a A 13.110/13:NA-TP-06-98
|
| 088 |
|
|
|a NA-TP-06-98
|
| 100 |
1 |
|
|a Wiest, Richard L.
|
| 245 |
1 |
2 |
|a A landowner's guide to building forest access roads /
|c Richard L. Wiest.
|
| 264 |
|
1 |
|a Radnor, PA :
|b U.S. Dept. of Agriculture, Forest Service, Northeastern Area, State and Private Forestry,
|c [1998]
|
| 300 |
|
|
|a 45 pages :
|b illustrations (some color) ;
|c 28 cm.
|
| 336 |
|
|
|a text
|b txt
|2 rdacontent
|
| 337 |
|
|
|a unmediated
|b n
|2 rdamedia
|
| 338 |
|
|
|a volume
|b nc
|2 rdacarrier
|
| 500 |
|
|
|a Shipping list number: 99-0020-P.
|
| 500 |
|
|
|a "July 1998."
|
| 504 |
|
|
|a Includes bibliographical references (pages 39-40).
|
| 500 |
|
|
|a "NA-TP-06-98."
|
| 650 |
|
0 |
|a Forest landowners
|z Northeastern States
|x Handbooks, manuals, etc.
|
| 650 |
|
0 |
|a Forest roads
|z Northeastern States
|x Management
|x Handbooks, manuals, etc.
|
| 650 |
|
0 |
|a Forest landscape management
|z Northeastern States
|x Handbooks, manuals,etc.
|
| 650 |
|
0 |
|a Landscape protection
|z Northeastern States
|x Handbooks, manuals, etc.
|
| 710 |
1 |
|
|a United States.
|b State and Private Forestry.
|b Northeastern Area.
|
| 999 |
|
|
|a MARS
|
| 999 |
f |
f |
|s 41e32d69-47c1-3b57-b5ac-be9fbb2db6bc
|i 61082d4b-0c9a-3d89-bcbf-1d3a53089895
|t 0
|
| 952 |
f |
f |
|p normal
|a Texas A&M University
|b College Station
|c Sterling C. Evans Library
|d Evans: US Documents (Annex 5th floor)
|t 0
|e A 13.110/13:NA-TP-06-98
|h Superintendent of Documents classification
|i unmediated -- volume
|m A14824398684
|
| 998 |
f |
f |
|a A 13.110/13:NA-TP-06-98
|t 0
|l Evans: US Documents (Annex 5th floor)
|